| 000 -LEADER |
| fixed length control field |
00282nam a22000977a 4500 |
| 082 ## - DEWEY DECIMAL CLASSIFICATION NUMBER |
| Classification number |
TNC B16x5444 K128 |
| 100 ## - MAIN ENTRY--PERSONAL NAME |
| Personal name |
Kamble,N.D. |
| 9 (RLIN) |
24632 |
| 245 ## - TITLE STATEMENT |
| Title |
Rural growth and decline : |
| Remainder of title |
A case study of selected villages |
| Statement of responsibility, etc |
By N.D. Kamble |
| 260 ## - PUBLICATION, DISTRIBUTION, ETC. (IMPRINT) |
| Place of publication, distribution, etc |
New Delhi |
| Name of publisher, distributor, etc |
Ashish |
| Date of publication, distribution, etc |
1979 |
| 300 ## - PHYSICAL DESCRIPTION |
| Extent |
143p. |